[Event "AUTO-INT-425"]
[Site "http://www.queenalice.com/game.php?id=200021"]
[Date "2007.4.20"]
[Round "1"]
[White "xico"]
[Black "kloosterveen"]
[Result "1/2-1/2"]
[WhiteElo "1628"]
[BlackElo "1740"]

1. d4 d5 2. Nf3 Bg4 3. Bf4 Bxf3 4. exf3 e6 5. Nd2 c5 6. Bxb8 Rxb8 7. Bb5+ Ke7 8.
dxc5 Qa5 9. Bd3 Qxc5 10. O-O g6 11. Re1 Bg7 12. c3 Nf6 13. Qa4 Rhd8 14. Nb3 Qb6
15. Qa3+ Rd6 16. Nd4 Kf8 17. Nb5 Rd8 18. Nxd6 Rxd6 19. Rad1 Kg8 20. Bc2 Bf8 21.
Qb3 Qc7 22. Bd3 Rb6 23. Qc2 Bd6 24. g3 1/2-1/2

[Event "AUTO-INT-425"]
[Site "http://www.queenalice.com/game.php?id=200022"]
[Date "2007.4.20"]
[Round "1"]
[White "kloosterveen"]
[Black "xico"]
[Result "0-1"]
[WhiteElo "1814"]
[BlackElo "1700"]

1. d4 d5 2. e3 Nf6 3. c4 c6 4. c5 Bf5 5. Nf3 h6 6. Qb3 Qc7 7. Nc3 e6 8. Be2 Nbd7
9. O-O b6 10. cxb6 Nxb6 11. Bd2 Bd6 12. Rfc1 Qe7 13. Na4 Rb8 14. Nxb6 Rxb6 15.
Qa4 O-O 16. a3 Rxb2 17. Bf1 Ne4 18. Be1 c5 19. dxc5 Nxc5 20. Qd4 Rbb8 21. Bb4
Nb3 22. Qb2 Nxa1 23. Qxa1 Bxb4 24. axb4 Rxb4 25. Ne5 Rb6 26. Nc6 Qd6 27. Nxa7
Qb4 28. Nc6 Qb2 29. Ne7+ Kh7 30. Nxf5 Qxa1 31. Rxa1 exf5 32. g3 Rfb8 33. Rd1 Rd8
34. h4 d4 35. exd4 Rbd6 36. Bd3 g6 37. Bc4 Rxd4 38. Rxd4 Rxd4 39. Bxf7 g5 40.
hxg5 hxg5 41. Be6 Kg6 42. Kg2 Kf6 43. Bc8 Ke5 44. Bb7 f4 45. Bf3 Kf5 46. g4+ Ke5
47. Bc6 Rd3 48. Bf3 Kd4 49. Be2 Kc3 50. Bxd3 Kxd3 51. Kf1 f3 0-1

[Event "Jogo 6"]
[Site "http://www.queenalice.com/game.php?id=201449"]
[Date "2007.4.23"]
[Round "-"]
[White "nallpinheiro"]
[Black "xico"]
[Result "0-1"]
[WhiteElo "1270"]
[BlackElo "1826"]

1. d4 d5 2. e3 Nf6 3. Bb5+ c6 4. Ba4 Bf5 5. Nf3 a5 6. O-O b5 7. Bb3 a4 8. Bxd5
cxd5 9. Qd2 e6 10. Nc3 Qa5 11. a3 Ne4 12. Qe2 Nxc3 13. Qd2 Ne4 14. Qxa5 Rxa5 15.
Ne5 Bd6 16. f3 Nf6 17. e4 dxe4 18. fxe4 Bxe4 19. Bf4 Bxe5 20. Bxe5 Nbd7 21. Bxf6
Nxf6 22. c3 Ke7 23. Rfe1 Rd8 24. Re3 Rd5 25. Rg3 Bg6 26. Re1 Ra8 27. Ree3 Rad8
28. h4 Rh5 29. Rh3 Rdd5 30. Reg3 Rdf5 31. Rg5 Rfxg5 32. hxg5 Rxh3 33. gxf6+ Kxf6
34. gxh3 Bc2 35. h4 Bb3 36. h5 Kg5 37. Kf2 Kf4 38. Ke2 g5 39. Kd2 g4 40. Kd3 g3
41. Kd2 g2 42. Kd3 g1=Q 43. h6 Qd1# 0-1

[Event "Challenge"]
[Site "http://www.queenalice.com/game.php?id=205053"]
[Date "2007.5.2"]
[Round "-"]
[White "xico"]
[Black "Tenna"]
[Result "1-0"]
[WhiteElo "1793"]
[BlackElo "1780"]

1. d4 Nf6 2. Nf3 g6 3. Bf4 Bg7 4. h3 O-O 5. e3 d6 6. Bd3 Nbd7 7. O-O c6 8. c3
Qa5 9. Nbd2 e5 10. Nc4 Qc7 11. dxe5 dxe5 12. Ncxe5 Qb6 13. Nc4 Qd8 14. Qc2 Nc5
15. Bd6 Nxd3 16. Qxd3 Be6 17. Rfd1 Re8 18. Qe2 Nd5 19. Bg3 Qe7 20. Nd4 Bd7 21.
Nd6 Reb8 22. Re1 b6 23. Rad1 Be5 24. Bxe5 Qxe5 25. Nc4 1-0

[Event "kloosterveen"]
[Site "http://www.queenalice.com/game.php?id=208501"]
[Date "2007.5.9"]
[Round "1"]
[White "xico"]
[Black "Tenna"]
[Result "1-0"]
[WhiteElo "1751"]
[BlackElo "1816"]

1. d4 Nf6 2. Nf3 c5 3. c3 e6 4. Bf4 Nc6 5. h3 Qb6 6. Bc1 cxd4 7. Nxd4 Bc5 8. e3
O-O 9. Be2 Nxd4 10. exd4 Be7 11. Nd2 d5 12. O-O Qc7 13. Nf3 Bd7 14. Re1 b5 15.
Ne5 b4 16. Bd2 bxc3 17. Bxc3 Ne4 18. Ba5 Qxa5 19. Nxd7 Rfc8 20. a3 1-0

[Event "kloosterveen"]
[Site "http://www.queenalice.com/game.php?id=226634"]
[Date "2007.6.17"]
[Round "2"]
[White "shirya00007"]
[Black "xico"]
[Result "0-1"]
[WhiteElo "1991"]
[BlackElo "1871"]

1. d4 d5 2. c4 e6 3. Nc3 Nf6 4. Nf3 Nbd7 5. Bf4 Bb4 6. a3 Bxc3+ 7. bxc3 h6 8. e3
Nh5 9. Be5 Nhf6 10. cxd5 Nxe5 11. Nxe5 exd5 12. c4 Be6 13. c5 c6 14. Bd3 Nd7 15.
Nxd7 Qa5+ 16. Qd2 Qxd2+ 17. Kxd2 Kxd7 18. f3 b5 19. cxb6 axb6 20. Rhb1 Rhb8 21.
e4 Ra4 22. Ke3 Kc7 23. Rc1 Kd6 24. e5+ Kd7 25. f4 g6 26. h3 h5 27. Rf1 Rba8 28.
f5 gxf5 29. Bxf5 Rxa3+ 30. Rxa3 Rxa3+ 31. Kf4 c5 32. dxc5 bxc5 33. Bxe6+ Kxe6
34. Kg5 Rg3+ 35. Kxh5 Rxg2 36. Rf6+ Kxe5 37. Rxf7 c4 38. h4 c3 39. Kh6 c2 40.
Rc7 Ke4 41. h5 Kd3 42. Rc5 d4 43. Kh7 Kd2 44. h6 c1=Q 45. Rc8 Rh2 46. Rxc1 Kxc1
47. Kg8 Rxh6 0-1

[Event "AUTO-INT-425"]
[Site "http://www.queenalice.com/game.php?id=252523"]
[Date "2007.8.7"]
[Round "2"]
[White "xico"]
[Black "jpzenitram"]
[Result "1-0"]
[WhiteElo "1904"]
[BlackElo "1826"]

1. d4 d5 2. h3 Nf6 3. Bf4 g6 4. Nf3 Bg7 5. e3 Nc6 6. c3 O-O 7. Bd3 e6 8. O-O Nh5
9. Bh2 Re8 10. e4 b6 11. e5 a5 12. g4 Nf6 13. exf6 Bxf6 14. Bb5 Bb7 15. Qa4 Qd7
16. Be5 Bg7 17. Bxg7 Kxg7 18. Ne5 Qd6 19. Nxc6 Qf4 20. Ne5 Rh8 21. Qd1 h5 22.
Qf3 Qxf3 23. Nxf3 hxg4 24. hxg4 Rh7 25. Nbd2 Rah8 26. Kg2 f5 27. Rh1 Rxh1 28.
Rxh1 Rxh1 29. Kxh1 c6 30. Be2 Kf6 31. g5+ Kg7 32. Ne5 b5 33. b4 a4 34. Ndf3 1-0

[Event "AUTO-INT-425"]
[Site "http://www.queenalice.com/game.php?id=252524"]
[Date "2007.8.7"]
[Round "2"]
[White "jpzenitram"]
[Black "xico"]
[Result "0-1"]
[WhiteElo "1846"]
[BlackElo "1846"]

1. e4 c6 2. d4 d5 3. Nc3 dxe4 4. Nxe4 Bf5 5. Nc3 Nf6 6. Nf3 h6 7. Bc4 e6 8. Bf4
Bd6 9. Bxd6 Qxd6 10. O-O Nbd7 11. Re1 O-O 12. Ne5 Rad8 13. Na4 b5 14. Nc5 Nxc5
15. dxc5 Qxc5 16. Qf3 bxc4 17. Nxc6 Rd5 0-1

[Event "AUTO-INT-425"]
[Site "http://www.queenalice.com/game.php?id=252525"]
[Date "2007.8.7"]
[Round "2"]
[White "xico"]
[Black "rodrical"]
[Result "1-0"]
[WhiteElo "1928"]
[BlackElo "1667"]

1. d4 d5 2. Nf3 c5 3. c3 Nc6 4. h3 Nf6 5. Bf4 Bf5 6. e3 Qb6 7. Qc1 Ne4 8. Nbd2
h6 9. Be2 e6 10. O-O g5 11. Bh2 Bg7 12. dxc5 Nxc5 13. Nd4 Bd3 14. Bxd3 Nxd3 15.
Qc2 Be5 16. Qxd3 Bxh2+ 17. Kxh2 Qxb2 18. a3 Rc8 19. Rfb1 Ne5 20. Qb5+ 1-0

[Event "AUTO-INT-425"]
[Site "http://www.queenalice.com/game.php?id=252526"]
[Date "2007.8.7"]
[Round "2"]
[White "rodrical"]
[Black "xico"]
[Result "0-1"]
[WhiteElo "1674"]
[BlackElo "1921"]

1. d4 d5 2. c4 c6 3. Nf3 Nf6 4. Ne5 dxc4 5. Nxc4 Bf5 6. Nc3 e6 7. Bg5 Nbd7 8. e4
Bg4 9. Be2 Bxe2 10. Qxe2 Be7 11. Bxf6 Nxf6 12. O-O Qxd4 13. Rad1 Qc5 14. e5 Nd5
15. Nd6+ Bxd6 16. Nxd5 cxd5 17. exd6 Qxd6 18. Qb5+ Qd7 19. Qb4 Rc8 20. Rc1 f6
21. Rc3 Rxc3 0-1

[Event "kloosterveen"]
[Site "http://www.queenalice.com/game.php?id=300005"]
[Date "2007.11.7"]
[Round "4"]
[White "xavimg"]
[Black "xico"]
[Result "0-1"]
[WhiteElo "1676"]
[BlackElo "1924"]

1. e4 c6 2. c4 d5 3. cxd5 cxd5 4. e5 Bf5 5. d4 Qb6 6. Nf3 Nc6 7. Nc3 e6 8. Be2
Bg4 9. Bb5 Bb4 10. Bxc6+ bxc6 11. Qd3 Bxf3 12. Qxf3 Qxd4 13. Bf4 Ne7 14. O-O Ng6
15. Ne2 Qxb2 0-1

[Event "Brasil-Drac"]
[Site "http://www.queenalice.com/game.php?id=302824"]
[Date "2007.11.12"]
[Round "-"]
[White "xico"]
[Black "Chuzete"]
[Result "0-1"]
[WhiteElo "1945"]
[BlackElo "2278"]

1. d4 d5 2. Bf4 Nf6 3. h3 Bf5 4. e3 e6 5. Nf3 Bd6 6. Bxd6 Qxd6 7. c3 O-O 8. Nbd2
c5 9. Nh4 Bg6 10. Nxg6 hxg6 11. dxc5 Qxc5 12. Nf3 Nc6 13. Be2 e5 14. Rc1 b5 15.
O-O a5 16. Qb3 Rab8 17. Rfd1 Rfd8 18. Qc2 a4 19. b3 a3 20. Ne1 Na7 21. Qb1 Qe7
22. Nd3 Kh7 23. Rc2 Nc6 24. Qc1 g5 25. Rcd2 e4 26. Ne1 b4 27. cxb4 Nxb4 28. Qb1
Nc6 29. Nc2 Rdc8 30. Qc1 Ra8 31. Qb1 Ne5 32. g4 Ng6 33. Nd4 Qd6 34. Nf5 Qe6 35.
Rc2 Rxc2 36. Qxc2 Rc8 37. Qd2 Qc6 38. Nd4 Qb6 39. Rc1 Rxc1+ 40. Qxc1 Qa5 41. Nb5
Ne5 42. Qc3 Qxc3 43. Nxc3 Nc6 44. b4 Nxb4 45. Bd1 Ne8 46. Bb3 Nc7 47. Kf1 g6 48.
Ke2 f5 49. Nb1 Nb5 50. Ba4 Nxa2 51. Kd2 Nb4 52. Nc3 Nxc3 53. Kxc3 Nd3 54. Kb3
Nxf2 55. Bb5 f4 56. Bf1 fxe3 57. Kxa3 Nxh3 58. Bxh3 e2 59. Bg2 e1=Q 60. Kb3 Qg3+
61. Kb4 Qxg2 62. Kc5 e3 63. Kd4 Qe4+ 64. Kc5 e2 65. Kd6 e1=Q 66. Kc5 d4 67. Kd6
d3 68. Kc5 d2 69. Kb5 d1=Q 0-1

[Event "BOARD 2,DIV D."]
[Site "http://www.queenalice.com/game.php?id=399020"]
[Date "2008.5.7"]
[Round "2"]
[White "ENDHER"]
[Black "xico"]
[Result "0-1"]
[WhiteElo "2123"]
[BlackElo "1943"]

1. d4 Nf6 2. c4 e6 3. Nc3 d5 4. Nf3 c5 5. cxd5 exd5 6. Bg5 Be6 7. e4 dxe4 8.
Bb5+ Bd7 9. Ne5 Bd6 10. Bxf6 gxf6 11. Nxd7 Nxd7 12. dxc5 Be5 13. Rc1 a6 14. Ba4
Rc8 15. Nxe4 f5 16. Ng3 Qa5+ 17. Kf1 b5 18. c6 Nb8 19. Qd5 Qc7 20. Nxf5 O-O 21.
Bb3 Bxb2 22. g3 Rcd8 23. Qf3 Kh8 24. Rc2 Be5 25. Kg2 a5 26. Re1 Na6 27. Nh6 Nb4
28. Rxe5 f6 29. Nf7+ Rxf7 30. Bxf7 Qxe5 31. c7 Rc8 32. Re2 Qd6 33. Qf5 Qa6 34.
Re7 Qc6+ 35. Bd5 Qxd5+ 0-1

[Event "BOARD 2,DIV D."]
[Site "http://www.queenalice.com/game.php?id=504821"]
[Date "2008.12.8"]
[Round "3"]
[White "xico"]
[Black "cro_kramnik"]
[Result "0-1"]
[WhiteElo "1968"]
[BlackElo "2461"]

1. b3 d5 2. Bb2 Nf6 3. g3 Bf5 4. Bg2 e6 5. d3 Be7 6. Nd2 h6 7. e3 O-O 8. Ne2 Nc6
9. a3 e5 10. h3 Re8 11. b4 e4 12. b5 Na5 13. dxe4 Nxe4 14. Nxe4 Bxe4 15. Bxe4
dxe4 16. Qd4 Qxd4 17. Bxd4 c5 18. bxc6 Nxc6 19. O-O Rac8 20. Rfd1 Nxd4 21. Nxd4
Red8 22. Kg2 g6 23. Nb5 Rxc2 24. Nxa7 Rxd1 25. Rxd1 Rb2 26. Nc8 Bxa3 27. g4 b5
28. Nd6 Bxd6 29. Rxd6 b4 30. Rb6 b3 31. Kg3 Kf8 32. h4 Ke7 33. h5 gxh5 34. gxh5
Kd7 35. f3 Rb1 36. Kf4 exf3 37. Kxf3 Kc7 38. Rb4 b2 39. Ke4 Kd6 40. Rb8 Kc5 41.
Ke5 Kc4 42. e4 f5 43. exf5 Re1+ 44. Kd6 b1=Q 45. Rxb1 Rxb1 46. f6 Kd4 47. f7 Rf1
48. Ke7 Ke5 49. f8=Q Rxf8 50. Kxf8 Kf6 0-1

[Event "Challenge"]
[Site "http://www.queenalice.com/game.php?id=556752"]
[Date "2009.3.16"]
[Round "-"]
[White "jorge_medeiros"]
[Black "xico"]
[Result "0-1"]
[WhiteElo "1445"]
[BlackElo "1966"]

1. d4 d5 2. Nf3 Nf6 3. c4 c6 4. e3 e6 5. Bd3 Nbd7 6. O-O c5 7. cxd5 Nxd5 8. Nc3
N7f6 9. e4 cxd4 10. exd5 dxc3 11. dxe6 Bxe6 12. bxc3 Be7 13. Nd4 Bd7 0-1

[Event "BOARD 2,DIV D."]
[Site "http://www.queenalice.com/game.php?id=619021"]
[Date "2009.7.15"]
[Round "4"]
[White "xico"]
[Black "Stegyre"]
[Result "1-0"]
[WhiteElo "1966"]
[BlackElo "1901"]

1. d4 d5 2. Nf3 Nf6 3. h3 Nc6 4. Bf4 Bf5 5. c3 e6 6. e3 Be7 7. Bd3 Ne4 8. Qc2
Bd6 9. Be5 Nxe5 10. dxe5 Be7 11. c4 c6 12. O-O O-O 13. Nc3 Rc8 14. Nxe4 dxc4 15.
Qxc4 b5 16. Qc2 Qa5 17. Nd6 Bxd3 18. Qxd3 Rfd8 19. Rfd1 Rc7 20. Qe4 Qb6 21. Qf4
f6 22. exf6 Bxf6 23. Ne4 Rxd1+ 24. Rxd1 Rf7 25. Nxf6+ Rxf6 26. Qd6 h6 27. Ne5
Kh7 28. Qe7 c5 29. Rd7 Rg6 30. Nxg6 Kxg6 31. g4 1-0

[Event "Challenge"]
[Site "http://www.queenalice.com/game.php?id=653902"]
[Date "2009.9.17"]
[Round "-"]
[White "xico"]
[Black "thedead"]
[Result "1-0"]
[WhiteElo "1979"]
[BlackElo "1409"]

1. d4 d5 2. h3 e6 3. Nf3 h6 4. Bf4 Nf6 5. e3 c5 6. Be2 Nc6 7. O-O Be7 8. dxc5
Bxc5 9. a3 a5 10. c4 O-O 11. Nc3 Re8 12. cxd5 exd5 13. Bb5 Qb6 14. a4 Be6 15.
Rc1 Rad8 16. Ne5 d4 17. Nxc6 bxc6 18. exd4 Bxd4 19. Bd3 Nd5 20. Nxd5 Bxd5 21.
Qd2 c5 22. Rfe1 Rxe1+ 23. Rxe1 Qa7 24. Be5 Bxe5 25. Rxe5 c4 26. Bxc4 1-0